000 00580nam a2200205Ia 4500
005 20250923145903.0
008 008 250917s9999 xx 000 0 eng d
037 _aTextual
040 _aDSWL
_beng
_cDSWL
041 _aeng
_2eng
084 _aY73(P1595_.2, N92
_qDSWL
100 _aTimsina, S.R.
_9839954
245 0 _aNepali community in India
_c by S.R. Timsina
260 _aDelhi
_b Manak Pub. P. Ltd.
_c1992
300 _avi,113p.
365 _aINR
_b150.00
925 _g150.00
942 _cTEXL
_hY73(P1595_.2, N92
999 _c1456950
_d1456950